000
00197nam a2200085Ia 4500
008
170617s9999 xx 000 0 und d
100
_a
NOGARDY- THOMAS
245
0
_a
MEDCINAL CHEMISTRY
260
_b
DELHI- OXFORD
260
_c
2011
999
_c
15942
_d
15942